000 005240000a22001810004500
003 MACL
005 20151208164358.0
008 151208b xxu||||| |||| 00| 0 eng d
040 _aMACL
_cMACL
041 _aHindi
082 _a741.642
100 _aघमंडीलाल अग्रवाल
_919675
245 _aबाल गीतावली
260 _bसावित्री प्रकाशन
_c2007
350 _a125
650 _aचिल्‍डन बुक
_9314
942 _cHIN
_k741.642
_2ddc
999 _c18867
_d18867